000 00718nam a2200289Ia 4500
005 20260324125734.0
008 008 260324s9999 xx 000 0 eng d
020 _a9780203938195
037 _aEBOOK
040 _aCRL
040 _beng
040 _cCRL
041 _2eng
041 _aeng
084 _qCRL
100 _aFrederick T.L. Leong; Mark M. Leach
_91179130
245 0 _aSuicide Among Racial and Ethnic Minority Groups
245 0 _bTheory, Research, and Practice
260 _bTaylor and Francis
260 _c2008
365 _a
365 _b170
856 _uhttp://www.taylorfrancis.com/books/9780203938195
942 _cEBOOK
999 _c1774668
_d1774668